| 000 | 00439nam a2200109 a 4500 | ||
|---|---|---|---|
| 008 | 120416s9999 xx |||||||||||||| || u | ||
| 050 | _aTS 226 Dif | ||
| 100 | _aKazakov, N. F | ||
| 245 | 1 | 0 |
_aDiffusion bonding of materials _ctranslated from Russian by Boris V. Kuznetsov |
| 350 | _a0.00 | ||
| 995 |
_D0.00 _FCBU-MAIN LIBRARY (Kitwe) _H1 _I52.00 _UAVAILABLE _ZMain Library Open Access Collection |
||
| 999 |
_c40136 _d40136 |
||